{"text_format":"3","workbook":"xlsx","n_sheets":1,"sheets":["Sheet1"],"read":"whole","date_system":"1900"}

{"sheet":"Sheet1","index":0,"n_rows":14,"n_cols":11,"rows_kept":14,"merged":[[0,0,0,8],[1,0,2,0],[1,1,2,1],[1,2,2,2],[1,3,1,5],[1,6,2,6],[1,7,2,7],[1,8,2,8],[1,9,2,9],[1,10,2,10],[13,0,14,8],[17,6,17,8],[18,6,18,8]]}
["2025年宣传环保袋、冰袖、围裙等制作要求及报价表"]
["序号","内容","材质","尺寸（cm）",null,null,"数量(个）","单位","制作要求","最高单价限价 （元/个）","最高限价（元）"]
[{"$nulls":3},"长","宽","高"]
[1,"无纺布袋：   艾滋病宣传","蓝色无纺布，足90克布质；双面彩色印制文字与图案；外露的手挽带总长50cm。",38,10,40,500,"个","1、两面上方印：基公标志图案、全民健康生活方式标志图案、健康促进提升行动标志图案；\n2、一面中间印字：艾滋病的三种传播途径  1、血液传播 2、性传播  3、母婴传播 ，鹤山市疾病预防控制中心（鹤山市卫生监督所）印制，微信公众号二维码；\n3、另一面印：红丝带图案，“主动检测 知艾防艾 共享健康”图案，鹤山市疾病预防控制中心（鹤山市卫生监督所）印制、咨询电话：0750-8818309、微信公众号二维码。",{"v":3.9,"d":"3.90"},{"v":1950,"d":"1950.00"}]
[2,"无纺布袋：    登革热宣传","橙色无纺布，足90克布质；双面彩色印制文字与图案；外露的手挽带总长50cm。",38,10,40,500,"个","1、两面上方印：基公标志图案、全民健康生活方式标志图案、健康促进提升行动标志图案；\n2、一面印字：预防登革热  清积水灭蚊是关键、倒积水图案、鹤山市疾病预防控制中心（鹤山市卫生监督所）印制、咨询电话：0750-8818309、微信公众号二维码；\n3、另一面印字：清理积水  消除蚊虫孳生地、灭蚊图案、鹤山市疾病预防控制中心（鹤山市卫生监督所）印制、微信公众号二维码。",{"v":3.9,"d":"3.90"},{"v":1950,"d":"1950.00"}]
[3,"无纺布袋：    体重管理宣传","枣红色无纺布，足90克布质；双面彩色印制文字与图案；外露的手挽带总长50cm。",38,10,40,1000,"个","1、两面上方印：基公标志图案、全民健康生活方式标志图案、健康促进提升行动标志图案；\n2、一面印字：健康体重  一起行动，鹤山市疾病预防控制中心（鹤山市卫生监督所）印制、微信公众号二维码；\n3、另一面印字：1、平衡膳食 总量控制 2、科学运动 贵在坚持 3、主动监测 科学减重，鹤山市疾病预防控制中心（鹤山市卫生监督所）印制、微信公众号二维码。",{"v":3.9,"d":"3.90"},{"v":3900,"d":"3900.00"}]
[4,"无纺布袋：   碘缺乏病宣传","玫红色无纺布，足90克布质；双面彩色印制文字与图案；外露的手挽带总长40cm。",30,10,35,500,"个","1、两面上方印：基公标志图案、全民健康生活方式标志图案、健康促进提升行动标志图案；\n2、一面印字：坚持科学补碘 预防碘缺乏病，鹤山市疾病预防控制中心（鹤山市卫生监督所）印制、微信公众号二维码；\n3、另一面印字：坚持食用碘盐  享受健康生活，鹤山市疾病预防控制中心（鹤山市卫生监督所）印制、微信公众号二维码。",3.75,{"v":1875,"d":"1875.00"}]
[5,"无纺布袋：   健康素养宣传","绿色无纺布，足90克布质；双面彩色印制文字与图案；外露的手挽带总长40cm。",30,10,35,500,"个","1、两面上方印：基公标志图案、全民健康生活方式标志图案、健康促进提升行动标志图案；\n2、一面印字：全民提素养  人人享健康，鹤山市疾病预防控制中心（鹤山市卫生监督所）印制、微信公众号二维码；\n3、另一面印字：普及健康知识  提升健康素养，鹤山市疾病预防控制中心（鹤山市卫生监督所）印制、微信公众号二维码。",3.75,{"v":1875,"d":"1875.00"}]
[6,"宣传礼品：（家用防水围裙）","\n涤纶,防水防油，H肩带式\n裙长74cm，裙宽68cm，绑带长50cm，肩带宽4cm。围裙正面并列两个口袋：总宽34cm，高19cm。\n\n",{"$nulls":3},500,"件","包装：单条独立包装\n颜色：绿色\n围裙正面中间位置印：健康促进提升行动标志图案、“普及健康知识  提升健康素养”大字；下面印“鹤山市疾病预防控制中心（鹤山市卫生监督所）”小字。",{"v":10,"d":"10.00"},{"v":5000,"d":"5000.00"}]
[7,"宣传礼品：（冰丝防晒袖套）","高弹面料，锦纶≥90%，氨纶≥5%。\n尺寸：长45cm，腕宽8.5cm，臂宽10cm。\n成品克重：≥30克。\n",{"$nulls":3},500,"副","包装：一对独立包装\n颜色：灰色。\n防晒指数：UPF50+或以上。\n款式：露拇指款（高弹袖口）\n袖套上印：健康促进提升行动标志图案、“全民提素养  人人享健康”大字、“鹤山市疾病预防控制中心（鹤山市卫生监督所）”小字。",{"v":11.5,"d":"11.50"},{"v":5750,"d":"5750.00"}]
[8,"宣传礼品：（家用防水围裙）","样式：H肩带式；材质：涤纶,防水防油；规格：裙长74cm，裙宽68cm，绑带长50cm，肩带宽4cm。围裙正面并列两个口袋：总宽34cm，高19cm。",{"$nulls":3},300,"件","包装：单条独立包装\n颜色：深色，耐脏\n印字：围裙正面中间位置印：“正确佩戴耳塞和口罩，预防职业病”大字；下面印“鹤山市疾病预防控制中心（鹤山市卫生监督所）”小字。",{"v":10,"d":"10.00"},{"v":3000,"d":"3000.00"}]
[9,"宣传礼品：（冰丝防晒袖套）","尺寸：长45cm，腕宽8.5cm，臂宽10cm。\n成品克重：≥30克。材质：高弹面料，锦纶≥90%，氨纶≥5%。防晒指数：UPF50+或以上",{"$nulls":3},300,"副","包装：一对独立包装\n颜色：灰色。\n防晒指数：UPF50+或以上。\n款式：露拇指款（高弹袖口）\n袖套上印：“正确佩戴耳塞和口罩，预防职业病”大字、“鹤山市疾病预防控制中心（鹤山市卫生监督所）”小字。",{"v":11.5,"d":"11.50"},{"v":3450,"d":"3450.00"}]
[6,"总计",{"$nulls":4},4600,{"$nulls":3},28750]
["注：以上价格含设计、制作，含税。"]